000
00313nam a2200133Ia 4500
008
190216s9999||||xx |||||||||||||| ||und||
100
_a
Rajam. J.B And Arora. C.L
245
2
_a
A Text Book Of Heat
250
_a
9th Ed.
260
_b
Sulthan Chand &co
_c
1981
300
_a
576
650
_a
Physics
942
_c
BK
999
_c
32712
_d
32712